[Event "2024 National Elementary (K-6) Championship"]
[Site "Columbus, Ohio, United States"]
[Date "2024.04.26"]
[Round "2.1"]
[White "Karthi, Jashith"]
[Black "Jariton, Jaime Agustin"]
[Result "1/2-1/2"]
[TimeControl "G/90; d10"]
[WhiteFideId "30983029"]
[BlackFideId "3713652"]
[WhiteElo "2188"]
[BlackElo "1769"]

1. d4 {[%clk 01:30:00]} {[%emt 00:00:05]} Nf6 {[%clk 01:29:52]} {[%emt
00:00:19]} 2. c4 {[%clk 01:30:00]} {[%emt 00:00:05]} c5 {[%clk 01:29:52]}
{[%emt 00:00:06]} 3. d5 {[%clk 01:30:00]} {[%emt 00:00:05]} e6 {[%clk
01:29:52]} {[%emt 00:00:05]} 4. Nc3 {[%clk 01:30:00]} {[%emt 00:00:05]} exd5
{[%clk 01:29:52]} {[%emt 00:00:07]} 5. cxd5 {[%clk 01:30:00]} {[%emt 00:00:08]}
d6 {[%clk 01:29:52]} {[%emt 00:00:04]} 6. e4 {[%clk 01:29:52]} {[%emt
00:00:19]} g6 {[%clk 01:29:52]} {[%emt 00:00:04]} 7. h3 {[%clk 01:29:52]}
{[%emt 00:00:04]} Bg7 {[%clk 01:29:52]} {[%emt 00:00:04]} 8. Nf3 {[%clk
01:29:52]} {[%emt 00:00:07]} O-O {[%clk 01:29:48]} {[%emt 00:00:14]} 9. Be3
{[%clk 01:29:52]} {[%emt 00:00:03]} Re8 {[%clk 01:28:58]} {[%emt 00:01:01]} 10.
Nd2 {[%clk 01:29:06]} {[%emt 00:00:55]} a6 {[%clk 01:28:30]} {[%emt 00:00:38]}
11. a4 {[%clk 01:29:06]} {[%emt 00:00:06]} Nxe4 {[%clk 01:28:14]} {[%emt
00:00:25]} 12. Ncxe4 {[%clk 01:28:25]} {[%emt 00:00:52]} f5 {[%clk 01:27:59]}
{[%emt 00:00:25]} 13. Be2 {[%clk 01:28:25]} {[%emt 00:00:03]} fxe4 {[%clk
01:27:56]} {[%emt 00:00:12]} 14. Nc4 {[%clk 01:28:25]} {[%emt 00:00:05]} Be5
{[%clk 01:13:46]} {[%emt 00:14:20]} 15. Nxe5 {[%clk 01:24:09]} {[%emt
00:04:26]} Rxe5 {[%clk 01:13:46]} {[%emt 00:00:07]} 16. h4 {[%clk 01:23:17]}
{[%emt 00:01:02]} Nd7 {[%clk 01:06:52]} {[%emt 00:07:04]} 17. Bf4 {[%clk
01:12:22]} {[%emt 00:11:05]} Rf5 {[%clk 01:06:14]} {[%emt 00:00:48]} 18. Qd2
{[%clk 01:00:02]} {[%emt 00:12:30]} Qf6 {[%clk 00:54:22]} {[%emt 00:12:03]} 19.
Be3 {[%clk 00:49:30]} {[%emt 00:10:40]} Ne5 {[%clk 00:46:21]} {[%emt 00:08:12]}
1/2-1/2

[Event "2024 National Elementary (K-6) Championship"]
[Site "Columbus, Ohio, United States"]
[Date "2024.04.26"]
[Round "2.2"]
[White "Jagan, Aashish"]
[Black "Yue, Tariq"]
[Result "0-1"]
[TimeControl "G/90; d10"]
[WhiteFideId "48724505"]
[BlackFideId "30975182"]
[WhiteElo "1774"]
[BlackElo "2073"]

1. c4 {[%clk 01:30:00]} {[%emt 00:00:01]} Nf6 {[%clk 01:26:49]} {[%emt
00:03:22]} 2. g3 {[%clk 01:30:00]} {[%emt 00:00:07]} g6 {[%clk 01:26:49]}
{[%emt 00:00:11]} 3. Bg2 {[%clk 01:30:00]} {[%emt 00:00:06]} Bg7 {[%clk
01:26:49]} {[%emt 00:00:10]} 4. Nf3 {[%clk 01:29:57]} {[%emt 00:00:13]} O-O
{[%clk 01:26:41]} {[%emt 00:00:18]} 5. O-O {[%clk 01:29:48]} {[%emt 00:00:18]}
d6 {[%clk 01:25:16]} {[%emt 00:01:36]} 6. d3 {[%clk 01:29:48]} {[%emt
00:00:08]} e5 {[%clk 01:23:21]} {[%emt 00:02:05]} 7. Nc3 {[%clk 01:29:45]}
{[%emt 00:00:12]} c6 {[%clk 01:21:59]} {[%emt 00:01:33]} 8. Rb1 {[%clk
01:28:36]} {[%emt 00:01:19]} a5 {[%clk 01:20:55]} {[%emt 00:01:15]} 9. a3
{[%clk 01:26:37]} {[%emt 00:02:09]} Re8 {[%clk 01:17:29]} {[%emt 00:03:35]} 10.
b4 {[%clk 01:24:53]} {[%emt 00:01:54]} axb4 {[%clk 01:17:00]} {[%emt 00:00:40]}
11. axb4 {[%clk 01:24:53]} {[%emt 00:00:07]} d5 {[%clk 01:14:38]} {[%emt
00:02:33]} 12. Nd2 {[%clk 01:20:50]} {[%emt 00:04:11]} Be6 {[%clk 01:11:22]}
{[%emt 00:03:27]} 13. Qc2 {[%clk 01:09:36]} {[%emt 00:11:24]} Nbd7 {[%clk
01:07:33]} {[%emt 00:03:59]} 14. Rd1 {[%clk 01:01:27]} {[%emt 00:08:18]} Nb6
{[%clk 01:01:52]} {[%emt 00:05:52]} 15. c5 {[%clk 00:42:29]} {[%emt 00:19:08]}
Nc8 {[%clk 00:54:57]} {[%emt 00:07:05]} 16. Nb3 {[%clk 00:34:59]} {[%emt
00:07:39]} Nd7 {[%clk 00:48:29]} {[%emt 00:06:39]} 17. Bd2 {[%clk 00:27:48]}
{[%emt 00:07:19]} f5 {[%clk 00:45:45]} {[%emt 00:02:55]} 18. e3 {[%clk
00:23:56]} {[%emt 00:04:02]} e4 {[%clk 00:39:25]} {[%emt 00:06:31]} 19. d4
{[%clk 00:22:53]} {[%emt 00:01:12]} g5 {[%clk 00:37:14]} {[%emt 00:02:22]} 20.
Ra1 {[%clk 00:19:21]} {[%emt 00:03:42]} Rxa1 {[%clk 00:29:08]} {[%emt
00:08:16]} 21. Rxa1 {[%clk 00:19:21]} {[%emt 00:00:09]} Ne7 {[%clk 00:29:03]}
{[%emt 00:00:15]} 22. Qa2 {[%clk 00:16:20]} {[%emt 00:03:10]} Nf6 {[%clk
00:24:53]} {[%emt 00:04:21]} 23. Ne2 {[%clk 00:13:48]} {[%emt 00:02:41]} Nh5
{[%clk 00:22:43]} {[%emt 00:02:21]} 24. Qa7 {[%clk 00:12:34]} {[%emt 00:01:23]}
Qc7 {[%clk 00:22:38]} {[%emt 00:00:16]} 25. Na5 {[%clk 00:10:51]} {[%emt
00:01:52]} Rb8 {[%clk 00:22:38]} {[%emt 00:00:11]} 26. Nc3 {[%clk 00:10:20]}
{[%emt 00:00:39]} Nc8 {[%clk 00:22:24]} {[%emt 00:00:25]} 27. b5 {[%clk
00:07:47]} {[%emt 00:02:44]} Nxa7 {[%clk 00:21:57]} {[%emt 00:00:36]} 28. b6
{[%clk 00:07:47]} {[%emt 00:00:04]} Qd7 {[%clk 00:19:59]} {[%emt 00:02:07]} 29.
bxa7 {[%clk 00:07:35]} {[%emt 00:00:22]} Ra8 {[%clk 00:19:59]} {[%emt
00:00:10]} 30. Na4 {[%clk 00:06:55]} {[%emt 00:00:50]} Rxa7 {[%clk 00:19:56]}
{[%emt 00:00:14]} 31. Nb6 {[%clk 00:06:50]} {[%emt 00:00:13]} Qf7 {[%clk
00:19:40]} {[%emt 00:00:27]} 32. Nxc6 {[%clk 00:06:39]} {[%emt 00:00:21]} Rxa1+
{[%clk 00:19:40]} {[%emt 00:00:11]} 0-1

[Event "2024 National Elementary (K-6) Championship"]
[Site "Columbus, Ohio, United States"]
[Date "2024.04.26"]
[Round "2.3"]
[White "Shen, Leo Xiaohang"]
[Black "Rajendran, Ishaan"]
[Result "1/2-1/2"]
[TimeControl "G/90; d10"]
[WhiteFideId "39920720"]
[BlackFideId "39910032"]
[WhiteElo "2064"]
[BlackElo "1765"]

1. e4 {[%clk 01:30:00]} {[%emt 00:00:01]} c6 {[%clk 01:30:00]} {[%emt
00:00:04]} 2. d4 {[%clk 01:30:00]} {[%emt 00:00:03]} d5 {[%clk 01:30:00]} 3.
exd5 {[%clk 01:30:00]} {[%emt 00:00:06]} cxd5 {[%clk 01:30:00]} {[%emt
00:00:03]} 4. c4 {[%clk 01:30:00]} {[%emt 00:00:04]} Nf6 {[%clk 01:30:00]}
{[%emt 00:00:04]} 5. Nc3 {[%clk 01:30:00]} {[%emt 00:00:03]} Nc6 {[%clk
01:29:56]} {[%emt 00:00:15]} 6. Nf3 {[%clk 01:30:00]} {[%emt 00:00:01]} Bg4
{[%clk 01:29:46]} {[%emt 00:00:20]} 7. cxd5 {[%clk 01:30:00]} {[%emt 00:00:03]}
Nxd5 {[%clk 01:29:39]} {[%emt 00:00:17]} 8. Qb3 {[%clk 01:30:00]} {[%emt
00:00:02]} Bxf3 {[%clk 01:29:39]} {[%emt 00:00:07]} 9. gxf3 {[%clk 01:29:59]}
{[%emt 00:00:12]} e6 {[%clk 01:29:39]} {[%emt 00:00:09]} 10. Qxb7 {[%clk
01:29:29]} {[%emt 00:00:39]} Nxd4 {[%clk 01:29:39]} {[%emt 00:00:06]} 11. Bb5+
{[%clk 01:29:29]} {[%emt 00:00:09]} Nxb5 {[%clk 01:29:35]} {[%emt 00:00:14]} 12.
Qc6+ {[%clk 01:29:29]} {[%emt 00:00:03]} Ke7 {[%clk 01:29:35]} {[%emt
00:00:10]} 13. Qxb5 {[%clk 01:29:17]} {[%emt 00:00:22]} Qd7 {[%clk 01:29:35]}
{[%emt 00:00:10]} 14. Qxd7+ {[%clk 01:28:49]} {[%emt 00:00:38]} Kxd7 {[%clk
01:29:35]} {[%emt 00:00:05]} 15. Nxd5 {[%clk 01:28:40]} {[%emt 00:00:20]} exd5
{[%clk 01:29:27]} {[%emt 00:00:17]} 16. O-O {[%clk 01:28:13]} {[%emt 00:00:37]}
Bc5 {[%clk 01:15:48]} {[%emt 00:13:49]} 17. Bf4 {[%clk 01:26:46]} {[%emt
00:01:37]} Rhe8 {[%clk 00:58:31]} {[%emt 00:17:27]} 18. Rac1 {[%clk 01:23:56]}
{[%emt 00:03:01]} Bb6 {[%clk 00:41:15]} {[%emt 00:17:26]} 19. Rfd1 {[%clk
01:22:49]} {[%emt 00:01:16]} Ke6 {[%clk 00:39:22]} {[%emt 00:02:02]} 20. Rc6+
{[%clk 01:19:35]} {[%emt 00:03:25]} Kf5 {[%clk 00:37:35]} {[%emt 00:01:55]} 21.
Bc7 {[%clk 01:16:56]} {[%emt 00:02:51]} Bxc7 {[%clk 00:29:52]} {[%emt
00:07:53]} 22. Rxc7 {[%clk 01:16:56]} {[%emt 00:00:08]} Ke6 {[%clk 00:27:42]}
{[%emt 00:02:18]} 23. f4 {[%clk 01:11:17]} {[%emt 00:05:51]} g6 {[%clk
00:24:55]} {[%emt 00:02:58]} 24. Rc6+ {[%clk 01:09:38]} {[%emt 00:01:48]} Kf5
{[%clk 00:11:42]} {[%emt 00:13:23]} 25. Rxd5+ {[%clk 01:09:13]} {[%emt
00:00:35]} Kxf4 {[%clk 00:11:28]} {[%emt 00:00:24]} 26. Rf6+ {[%clk 01:09:07]}
{[%emt 00:00:16]} Ke4 {[%clk 00:09:21]} {[%emt 00:02:17]} 27. Rd7 {[%clk
01:09:03]} {[%emt 00:00:13]} Rab8 {[%clk 00:07:30]} {[%emt 00:02:01]} 28. b3
{[%clk 01:08:21]} {[%emt 00:00:53]} a5 {[%clk 00:06:26]} {[%emt 00:01:14]} 29.
Rfxf7 {[%clk 01:07:47]} {[%emt 00:00:44]} h5 {[%clk 00:05:08]} {[%emt
00:01:28]} 30. Kg2 {[%clk 01:06:57]} {[%emt 00:00:59]} a4 {[%clk 00:04:19]}
{[%emt 00:01:00]} 31. bxa4 {[%clk 01:06:12]} {[%emt 00:00:55]} Rb2 {[%clk
00:04:18]} {[%emt 00:00:11]} 32. Rde7+ {[%clk 01:04:43]} {[%emt 00:01:39]} Rxe7
{[%clk 00:04:18]} {[%emt 00:00:03]} 33. Rxe7+ {[%clk 01:04:43]} {[%emt
00:00:07]} Kf5 {[%clk 00:03:31]} {[%emt 00:00:57]} 34. a3 {[%clk 01:04:34]}
{[%emt 00:00:19]} Rb8 {[%clk 00:03:11]} {[%emt 00:00:29]} 35. Re3 {[%clk
01:03:28]} {[%emt 00:01:17]} Ra8 {[%clk 00:03:11]} {[%emt 00:00:09]} 36. Rf3+
{[%clk 01:03:28]} {[%emt 00:00:05]} Ke5 {[%clk 00:02:54]} {[%emt 00:00:28]} 37.
Rg3 {[%clk 01:02:59]} {[%emt 00:00:39]} Kf5 {[%clk 00:02:54]} {[%emt 00:00:03]}
38. Rb3 {[%clk 01:02:00]} {[%emt 00:01:09]} Rxa4 {[%clk 00:02:54]} {[%emt
00:00:09]} 39. h3 {[%clk 01:02:00]} {[%emt 00:00:09]} Ra5 {[%clk 00:02:30]}
{[%emt 00:00:43]} 40. Kg3 {[%clk 01:01:42]} {[%emt 00:00:19]} Ra4 {[%clk
00:02:30]} {[%emt 00:00:08]} 41. f3 {[%clk 01:00:25]} {[%emt 00:01:27]} h4+
{[%clk 00:01:59]} {[%emt 00:00:41]} 42. Kf2 {[%clk 01:00:25]} {[%emt 00:00:04]}
g5 {[%clk 00:01:59]} {[%emt 00:00:03]} 43. Ke3 {[%clk 01:00:25]} {[%emt
00:00:10]} Kf6 {[%clk 00:01:47]} {[%emt 00:00:21]} 44. Kd2 {[%clk 01:00:21]}
{[%emt 00:00:14]} Kf5 {[%clk 00:01:47]} {[%emt 00:00:09]} 45. Kc2 {[%clk
00:58:48]} {[%emt 00:01:41]} Ra6 {[%clk 00:01:23]} {[%emt 00:00:36]} 46. Rb5+
{[%clk 00:57:09]} {[%emt 00:01:50]} Kf4 {[%clk 00:00:56]} {[%emt 00:00:37]} 47.
Kb3 {[%clk 00:57:03]} {[%emt 00:00:16]} Rg6 {[%clk 00:00:27]} {[%emt 00:00:38]}
48. a4 {[%clk 00:56:44]} {[%emt 00:00:29]} Kxf3 {[%clk 00:00:27]} {[%emt
00:00:04]} 49. Rc5 {[%clk 00:56:22]} {[%emt 00:00:31]} g4 {[%clk 00:00:18]}
{[%emt 00:00:20]} 50. hxg4 {[%clk 00:56:19]} {[%emt 00:00:13]} Kxg4 {[%clk
00:00:18]} {[%emt 00:00:05]} 51. Rc4+ {[%clk 00:55:24]} {[%emt 00:01:05]} Kg3
{[%clk 00:00:18]} {[%emt 00:00:03]} 52. Rc3 {[%clk 00:55:24]} {[%emt 00:00:10]}
Kg2 {[%clk 00:00:18]} 1/2-1/2

[Event "2024 National Elementary (K-6) Championship"]
[Site "Columbus, Ohio, United States"]
[Date "2024.04.26"]
[Round "2.4"]
[White "Baim, Emin"]
[Black "Jammalamadaka, Vihaan"]
[Result "0-1"]
[TimeControl "G/90; d10"]
[WhiteFideId "30989167"]
[BlackFideId "30977134"]
[WhiteElo "1748"]
[BlackElo "2055"]

1. d4 {[%clk 01:30:00]} {[%emt 00:00:02]} Nf6 {[%clk 01:30:00]} {[%emt
00:00:07]} 2. Nf3 {[%clk 01:30:00]} {[%emt 00:00:07]} g6 {[%clk 01:29:51]}
{[%emt 00:00:19]} 3. Bf4 {[%clk 01:30:00]} {[%emt 00:00:09]} Bg7 {[%clk
01:29:45]} {[%emt 00:00:16]} 4. e3 {[%clk 01:30:00]} {[%emt 00:00:07]} O-O
{[%clk 01:29:38]} {[%emt 00:00:16]} 5. Bc4 {[%clk 01:29:00]} {[%emt 00:01:10]}
c5 {[%clk 01:28:59]} {[%emt 00:00:50]} 6. c3 {[%clk 01:28:59]} {[%emt
00:00:12]} Nc6 {[%clk 01:28:34]} {[%emt 00:00:33]} 7. O-O {[%clk 01:28:54]}
{[%emt 00:00:15]} d5 {[%clk 01:25:09]} {[%emt 00:03:35]} 8. Bd3 {[%clk
01:28:50]} {[%emt 00:00:14]} Qb6 {[%clk 01:24:15]} {[%emt 00:01:05]} 9. b3
{[%clk 01:28:11]} {[%emt 00:00:49]} Bg4 {[%clk 01:19:51]} {[%emt 00:04:34]} 10.
Nbd2 {[%clk 01:26:21]} {[%emt 00:02:00]} Nh5 {[%clk 01:18:31]} {[%emt
00:01:29]} 11. Bg3 {[%clk 01:10:10]} {[%emt 00:16:21]} Nxg3 {[%clk 01:18:14]}
{[%emt 00:00:28]} 12. hxg3 {[%clk 01:09:52]} {[%emt 00:00:28]} e5 {[%clk
01:17:13]} {[%emt 00:01:11]} 13. dxe5 {[%clk 01:08:55]} {[%emt 00:01:08]} Nxe5
{[%clk 01:16:48]} {[%emt 00:00:34]} 14. Qc2 {[%clk 01:07:43]} {[%emt 00:01:22]}
Nxf3+ {[%clk 01:11:31]} {[%emt 00:05:27]} 15. gxf3 {[%clk 01:06:52]} {[%emt
00:01:01]} Be6 {[%clk 01:10:07]} {[%emt 00:01:33]} 16. Rac1 {[%clk 01:02:49]}
{[%emt 00:04:13]} Rad8 {[%clk 01:09:18]} {[%emt 00:00:59]} 17. Rfe1 {[%clk
01:00:35]} {[%emt 00:02:24]} d4 {[%clk 01:06:41]} {[%emt 00:02:48]} 18. exd4
{[%clk 00:59:46]} {[%emt 00:00:59]} cxd4 {[%clk 01:06:23]} {[%emt 00:00:27]} 19.
c4 {[%clk 00:59:30]} {[%emt 00:00:27]} Bd7 {[%clk 00:45:35]} {[%emt 00:20:57]}
20. Rcd1 {[%clk 00:49:10]} {[%emt 00:10:31]} h5 {[%clk 00:38:12]} {[%emt
00:07:32]} 21. Nf1 {[%clk 00:47:41]} {[%emt 00:01:39]} Qf6 {[%clk 00:36:47]}
{[%emt 00:01:35]} 22. Nh2 {[%clk 00:46:11]} {[%emt 00:01:40]} h4 {[%clk
00:35:26]} {[%emt 00:01:31]} 23. Kg2 {[%clk 00:43:13]} {[%emt 00:03:08]} Rfe8
{[%clk 00:31:01]} {[%emt 00:04:35]} 24. Qd2 {[%clk 00:41:09]} {[%emt 00:02:14]}
Bc6 {[%clk 00:29:56]} {[%emt 00:01:16]} 25. Rxe8+ {[%clk 00:38:37]} {[%emt
00:02:42]} Rxe8 {[%clk 00:29:56]} {[%emt 00:00:09]} 26. Re1 {[%clk 00:38:37]}
{[%emt 00:00:10]} Re5 {[%clk 00:24:28]} {[%emt 00:05:38]} 27. Rxe5 {[%clk
00:35:30]} {[%emt 00:03:17]} Qxe5 {[%clk 00:24:28]} {[%emt 00:00:09]} 28. Ng4
{[%clk 00:35:19]} {[%emt 00:00:21]} Qh5 {[%clk 00:22:00]} {[%emt 00:02:37]} 29.
Qf4 {[%clk 00:34:22]} {[%emt 00:01:07]} f5 {[%clk 00:20:03]} {[%emt 00:02:08]}
30. Nh2 {[%clk 00:34:18]} {[%emt 00:00:13]} hxg3 {[%clk 00:16:42]} {[%emt
00:03:32]} 31. fxg3 {[%clk 00:33:05]} {[%emt 00:01:22]} Kh7 {[%clk 00:15:25]}
{[%emt 00:01:27]} 32. Qd6 {[%clk 00:29:51]} {[%emt 00:03:22]} Qg5 {[%clk
00:14:43]} {[%emt 00:00:54]} 33. Qe6 {[%clk 00:27:48]} {[%emt 00:02:13]} Qd2+
{[%clk 00:13:55]} {[%emt 00:00:59]} 34. Qe2 {[%clk 00:27:48]} {[%emt 00:00:10]}
Qc1 {[%clk 00:13:00]} {[%emt 00:01:05]} 35. Nf1 {[%clk 00:25:09]} {[%emt
00:02:49]} Bf6 {[%clk 00:12:03]} {[%emt 00:01:07]} 36. Kg1 {[%clk 00:22:59]}
{[%emt 00:02:19]} Kg7 {[%clk 00:11:29]} {[%emt 00:00:45]} 37. Kg2 {[%clk
00:21:34]} {[%emt 00:01:35]} Qa1 {[%clk 00:09:25]} {[%emt 00:02:14]} 38. Kg1
{[%clk 00:18:49]} {[%emt 00:02:55]} a5 {[%clk 00:09:02]} {[%emt 00:00:32]} 39.
Kf2 {[%clk 00:13:39]} {[%emt 00:05:21]} a4 {[%clk 00:08:24]} {[%emt 00:00:48]}
40. Qc2 {[%clk 00:13:24]} {[%emt 00:00:25]} a3 {[%clk 00:06:56]} {[%emt
00:01:37]} 41. Ke2 {[%clk 00:10:43]} {[%emt 00:02:51]} Bg5 {[%clk 00:06:25]}
{[%emt 00:00:42]} 42. Kf2 {[%clk 00:08:11]} {[%emt 00:02:42]} f4 {[%clk
00:03:33]} {[%emt 00:03:01]} 43. Qe2 {[%clk 00:03:42]} {[%emt 00:04:39]} fxg3+
{[%clk 00:03:24]} {[%emt 00:00:19]} 44. Kxg3 {[%clk 00:02:58]} {[%emt
00:00:55]} Bf6 {[%clk 00:02:57]} {[%emt 00:00:37]} 45. Kg2 {[%clk 00:02:26]}
{[%emt 00:00:42]} Qc1 {[%clk 00:02:31]} {[%emt 00:00:36]} 46. Qd2 {[%clk
00:02:14]} {[%emt 00:00:17]} Qa1 {[%clk 00:02:29]} {[%emt 00:00:16]} 47. Qe2
{[%clk 00:02:14]} {[%emt 00:00:07]} b6 {[%clk 00:02:07]} {[%emt 00:00:32]} 48.
Qd2 {[%clk 00:01:42]} {[%emt 00:00:41]} Bd7 {[%clk 00:01:46]} {[%emt 00:00:33]}
49. Qe2 {[%clk 00:01:42]} {[%emt 00:00:08]} Bf5 {[%clk 00:01:42]} {[%emt
00:00:15]} 50. Bxf5 {[%clk 00:01:11]} {[%emt 00:00:41]} gxf5 {[%clk 00:01:42]}
{[%emt 00:00:02]} 51. Kg1 {[%clk 00:01:01]} {[%emt 00:00:20]} Qb1 {[%clk
00:01:29]} {[%emt 00:00:22]} 52. Qe6 {[%clk 00:00:41]} {[%emt 00:00:26]} Qd3
{[%clk 00:01:08]} {[%emt 00:00:34]} 53. Qd7+ {[%clk 00:00:19]} {[%emt
00:00:32]} Kh6 {[%clk 00:01:00]} {[%emt 00:00:19]} 54. Qe6 {[%clk 00:00:19]}
{[%emt 00:00:01]} Kg6 {[%clk 00:01:00]} {[%emt 00:00:08]} 55. Qg8+ {[%clk
00:00:19]} {[%emt 00:00:02]} Bg7 {[%clk 00:01:00]} {[%emt 00:00:05]} 56. Qe6+
{[%clk 00:00:19]} {[%emt 00:00:03]} Kh7 {[%clk 00:01:00]} {[%emt 00:00:02]} 57.
Qxb6 {[%clk 00:00:19]} {[%emt 00:00:08]} Qxf3 {[%clk 00:01:00]} {[%emt
00:00:04]} 58. Qe6 {[%clk 00:00:19]} {[%emt 00:00:04]} d3 {[%clk 00:01:00]}
{[%emt 00:00:08]} 59. Qe1 {[%clk 00:00:19]} {[%emt 00:00:01]} Bd4+ {[%clk
00:01:00]} {[%emt 00:00:05]} 60. Kh2 {[%clk 00:00:19]} {[%emt 00:00:03]} Qh5+
{[%clk 00:01:00]} {[%emt 00:00:09]} 61. Kg2 {[%clk 00:00:19]} {[%emt 00:00:03]}
Qe2+ {[%clk 00:00:58]} {[%emt 00:00:12]} 62. Qxe2 {[%clk 00:00:19]} {[%emt
00:00:07]} dxe2 {[%clk 00:00:58]} {[%emt 00:00:01]} 0-1

[Event "2024 National Elementary (K-6) Championship"]
[Site "Columbus, Ohio, United States"]
[Date "2024.04.26"]
[Round "2.5"]
[White "Rallabandi, Krishna K"]
[Black "Lu, Lucas"]
[Result "1-0"]
[TimeControl "G/90; d10"]
[WhiteFideId "25959280"]
[BlackFideId "39942120"]
[WhiteElo "2046"]
[BlackElo "1759"]

1. d4 {[%clk 01:30:00]} Nf6 {[%clk 01:30:00]} {[%emt 00:00:05]} 2. c4 {[%clk
01:30:00]} {[%emt 00:00:03]} e6 {[%clk 01:30:00]} {[%emt 00:00:05]} 3. Nc3
{[%clk 01:30:00]} {[%emt 00:00:04]} Bb4 {[%clk 01:30:00]} {[%emt 00:00:03]} 4.
e3 {[%clk 01:30:00]} {[%emt 00:00:05]} O-O {[%clk 01:29:56]} {[%emt 00:00:14]}
5. Bd2 {[%clk 01:30:00]} {[%emt 00:00:08]} d5 {[%clk 01:29:53]} {[%emt
00:00:13]} 6. Nf3 {[%clk 01:30:00]} {[%emt 00:00:08]} b6 {[%clk 01:29:45]}
{[%emt 00:00:20]} 7. cxd5 {[%clk 01:29:50]} {[%emt 00:00:20]} exd5 {[%clk
01:29:45]} {[%emt 00:00:04]} 8. Bd3 {[%clk 01:29:50]} {[%emt 00:00:10]} Bb7
{[%clk 01:29:43]} {[%emt 00:00:13]} 9. O-O {[%emt 00:00:55]} Bd6 {[%clk
01:29:36]} 10. Rc1 {[%clk 01:28:43]} {[%emt 00:00:47]} a6 {[%clk 01:29:17]}
{[%emt 00:00:30]} 11. Ne5 {[%clk 01:28:24]} {[%emt 00:00:29]} c5 {[%clk
01:27:12]} {[%emt 00:02:15]} 12. f4 {[%clk 01:27:46]} {[%emt 00:00:48]} cxd4
{[%clk 01:25:09]} {[%emt 00:02:12]} 13. exd4 {[%clk 01:27:08]} {[%emt
00:00:49]} Ne4 {[%clk 01:23:36]} {[%emt 00:01:43]} 14. Be3 {[%clk 01:23:32]}
{[%emt 00:03:45]} f6 {[%clk 01:20:33]} {[%emt 00:03:14]} 15. Nxe4 {[%clk
01:17:59]} {[%emt 00:05:43]} Bxe5 {[%clk 01:20:04]} {[%emt 00:00:39]} 16. Ng3
{[%clk 01:16:34]} {[%emt 00:01:35]} Bd6 {[%clk 01:13:20]} {[%emt 00:06:55]} 17.
Qh5 {[%clk 01:15:57]} {[%emt 00:00:46]} f5 {[%clk 01:13:02]} {[%emt 00:00:28]}
18. Bxf5 {[%clk 01:15:08]} {[%emt 00:00:58]} g6 {[%clk 01:05:48]} {[%emt
00:07:25]} 19. Bxg6 {[%clk 01:14:56]} {[%emt 00:00:23]} Qe7 {[%clk 01:03:54]}
{[%emt 00:02:03]} 20. Rf3 {[%clk 01:13:32]} {[%emt 00:01:33]} Rf6 {[%clk
01:00:16]} {[%emt 00:03:47]} 21. Nf5 {[%clk 01:12:24]} {[%emt 00:01:20]} Qd7
{[%clk 00:59:35]} {[%emt 00:00:51]} 22. Nh6+ {[%clk 01:10:05]} {[%emt
00:02:28]} Kg7 {[%clk 00:56:54]} {[%emt 00:02:51]} 23. Bf5 {[%clk 01:09:24]}
{[%emt 00:00:51]} Rxh6 {[%clk 00:54:33]} {[%emt 00:02:31]} 24. Rg3+ {[%clk
01:09:04]} {[%emt 00:00:31]} Kh8 {[%clk 00:54:33]} {[%emt 00:00:07]} 25. Qxh6
{[%clk 01:09:04]} {[%emt 00:00:11]} Qe7 {[%clk 00:54:22]} {[%emt 00:00:21]} 26.
Bxh7 {[%clk 01:08:44]} {[%emt 00:00:29]} 1-0